| 000 | 00851nmm a2200277 a 4500 | ||
|---|---|---|---|
| 001 | ocm0001916891 | ||
| 003 | TR-IsHL | ||
| 005 | 20201028174153.0 | ||
| 008 | 180917s2017 tu tur | ||
| 007 | cr cn | ||
| 020 | _a9786059398534 | ||
| 035 |
_a1916891 _b(N$T) |
||
| 050 | 0 | 4 |
_aHB76 _b.Y47 2017 |
| 090 | 0 | 4 |
_aHB76 _b.Y47 2017 |
| 100 | 1 | _aYeşilada, Atilla | |
| 245 | 1 | 0 |
_aMuhalif bir ekonomistin güncesi _h[electronic resource] / _cAtilla Yeşilada |
| 250 | _a3. Basım | ||
| 260 |
_aİstanbul : _bParola Yayınları, _c2017 |
||
| 300 | _a495 p. | ||
| 650 | 4 | _aEkonomi ve Finans | |
| 650 | 4 | _aEconomics and Finance | |
| 650 | 0 | _aEkonomistler | |
| 650 | 0 | _aEconomist | |
| 650 | 7 |
_aBUSINESS & ECONOMICS / General _2bisacsh |
|
| 856 | 4 | 0 | _uhttp://search.ebscohost.com/login.aspx?direct=true&scope=site&db=e011xww&AN=1916891 |
| 999 |
_c18023 _d18023 |
||